Provinces of Belgian Congo on a Map - Statistics

General Stats
  • This quiz has been taken 17 times
  • The average score is 4 of 6
Answers on the Map
Answers color-coded by a green-red scale on the quiz's map according to % correct below.
 
Answer Stats
Answer % Correct
Léopoldville
85%
Katanga
77%
Kivu
77%
Kasaï
69%
Orientale
62%
Équateur
54%
No matching quizzes found
Score Distribution
Percent of People with Each Score
Percentile by Number Answered
Your Score History
You have not taken this quiz